000 00333nam a2200145Ia 4500
008 230718s9999 xx 000 0 und d
041 _aEng.
082 _a344.04
_bDAS-G
100 _aDashwood, Aleen
245 0 _aGenral law of E.C
260 _aPakistan
_bSweet and Marvel
_c2006
300 _a314
650 _aLaw
999 _c26680
_d26680